LEADER 01367nam a2200301 a 4500 001 000000171867 003 CaOOAMICUS 005 20190509171232.0 008 190509s2018 it 001 u ita r 020 $a978-88-13-359089* 032 $aLibriCat 040 $aPUL$bita 082 04$a343.4504 100 1 $aBeghin, Mauro.$0(OLS)http://pul/name/103255 245 10$aDiritto tributario :$bper l'universitą e per la preparazione all'esercizio delle professioni economico-giuridiche /$cMauro Beghin. 250 $aQuarta edizione 260 $aMilano :$bWolters Kluwer,$c2018$aPadova :$bCEDAM 300 $aXIX, 825 p. ;$c24 cm. 650 4$aDiritto tributario$zItalia.$0(OLS)http://pul/subject/18167 850 $aPUL 852 $aPUL$W1$xSL Diritto e Scienze Sociali 3$y79$m343. 4504 BEGMA 2$j195720$qDDC 21$B200566$CPULBib$Z2$F200566 $H132698 $82 941 1 $a9 996 $6020$a978-88-13-359089*$9(OLS)http://pul/number/162854 996 $6082$a343.4504$9(OLS)http://pul/classification/2041 996 $6245$aDiritto tributario :$bper l'universitą e per la preparazione all'esercizio delle professioni economico-giuridiche$9(OLS)http://pul/title/212720 996 $6260$aMilano :$bWolters Kluwer$9(OLS)http://pul/publisher/87159 996 $6260$aPadova :$bCEDAM$9(OLS)http://pul/publisher/48126 LEADER 01401nam a2200325 a 4500 001 000000143655 003 CaOOAMICUS 005 20150527144417.0 008 150527s2015 it u000 u ita r 020 $a978-88-6689-657-9 040 $aPUL$bita 082 04$a348.45 110 1 $aItalia.$0(OLS)http://pul/name/1188 245 10$aCodice civile e di procedura civile e leggi complementari /$ca cura di Francesco Bartolini. 250 $a38. ed. 260 $aPiacenza :$bLa Tribuna,$c©2015. 300 $a2078 p. ;$c19 cm 490 1 $aCodici vigenti 2015 500 $aSulla coperta: Aggiornato con la responsabilitą civile dei magistrati e i decreti attuativi del jobs act. 630 04$aCodice civile$zItalia.$0(OLS)http://pul/subject/33346 700 1 $aBartolini, Francesco,$d1942-$0(OLS)http://pul/name/35926 830 0$aCodici vigenti 2015.$0(OLS)http://pul/title/181748 850 $aPUL 852 $aPUL$W1$xDP2 Filosofia 3$y112$m348. 45 COD 3.1.26$j165740$qDDC 21$B166085$CPULBib$Z2$F166085 $H125929 $82 941 1 $a9 996 $6020$a978-88-6689-657-9$9(OLS)http://pul/number/157683 996 $6082$a348.45$9(OLS)http://pul/classification/373 996 $6245$aCodice civile e di procedura civile e leggi complementari$9(OLS)http://pul/title/181752 996 $6260$aPiacenza :$bLa Tribuna$9(OLS)http://pul/publisher/69734